| 000 | 00479nam a2200193Ia 4500 | ||
|---|---|---|---|
| 003 | GCL | ||
| 008 | 140319s9999 xx 000 0 eng d | ||
| 040 |
_aGCL / _cGCL |
||
| 082 | 0 | 4 |
_a920.71 _bD P |
| 100 | 1 | _aDROIT, ROGER-POL | |
| 245 | 1 | 0 |
_aPRESENCES DE SCHOPENHAUR / _cDROIT, ROGER-POL |
| 260 |
_a[S.N] : _bGRASSET ، _c1989 |
||
| 300 | _a310 P | ||
| 490 |
_aLE LIVRE DE POCHE _v0 |
||
| 650 | 0 | 4 | _aMEN |
| 650 | 0 | 4 | _aSCHOPENHAUER |
| 650 | 0 | 4 | _aBIOGRAPHIES |
| 942 |
_2ddc _cBK |
||
| 999 |
_c10754 _d10754 |
||